| 000 | 01220cad a22002535a 4500 | ||
|---|---|---|---|
| 001 | L141754 | ||
| 008 | 071218s2007 xxk f f000 0 eng d | ||
| 035 | _a(Sirsi) u141754 | ||
| 041 | 0 | _aeng | |
| 050 | 0 | 4 | _a333.72 $2 18 |
| 110 | 2 |
_aUnited Kingdom _kLaws, etc _95044 |
|
| 245 | 0 | 4 |
_aThe Ecodesign for Energy-Using Products Regulations 2007 _h[electronic resource] |
| 260 |
_aLondon _bTSO _c2007 |
||
| 490 | 0 |
_aSI _v2007: 2037 |
|
| 520 | _aImplement the requirements of Directive 2005/32/EC, establishing a framework for the setting of ecodesign requirements for energy-using products. Directive 2005/32/EC aims to improve the environmental performance of products throughout the life-cycle, by integrating environmental aspects at a very early stage in the product design. Came into force 11 August 2007. | ||
| 521 | 2 | _aAdvanced | |
| 590 | _aKA | ||
| 650 | 2 | 4 | _aDIRECTIVE 2005/32/EC |
| 650 | 2 | 4 | _aECODESIGN FOR ENERGY-USING PRODUCTS REGULATIONS 2007 |
| 651 | 4 |
_aUnited Kingdom _y |
|
| 690 | _aENVIRONMENTAL AND LAND CONSULTANCY-ENERGY-ENERGY USE-ENERGY CONSERVATION | ||
| 856 | 4 | 0 |
_uhttps://www.opsi.gov.uk/si/si2007/uksi_20072037_en_1 _zView the Regulations free of charge at www.opsi.gov.uk... |
| 942 | _n0 | ||
| 999 |
_c107758 _d107758 |
||